LEADER 01033nam a2200277 i 4500 001 991000644809707536 005 20020509173405.0 008 990421s1928 us ||| | eng 020 $a0674991370 035 $ab11389084-39ule_inst 035 $aPARLA212586$9ExL 040 $aDip.to Scienze dell'Antichità$bita 041 0 $aeng$agrc$hgrc 100 1 $aPlato$0292329 245 10$aTheaetetus; Sophist /$cPlato ; with an english translation by Harold North Fowler 260 $aCambridge, Mass. ; London :$bHarvard University Press,$c1928 (ristampa 1996) 300 $aX, 462 p. ;$c17 cm. 440 4$aThe Loeb classical library [Autori greci] ;$v123 500 $aTesto greco a fronte 700 1 $aFowler, Harold North 907 $a.b11389084$b02-04-14$c01-07-02 912 $a991000644809707536 945 $aLE007 LOEB Plato 07$g1$i2015000037787$lle007$o-$pE0.00$q-$rn$so $t0$u0$v0$w0$x0$y.i11574082$z01-07-02 996 $aSophista$917906 997 $aUNISALENTO 998 $ale007$b01-01-99$cm$da $e-$feng$gus $h0$i1